000
00223nam a2200085Ia 4500
245
0
_a
The lotus people
100
_a
HASSIM, Aziz Johannesburg, 2003
_9
81754
942
_c
BK
008
210817s9999 xx 000 0 und d
999
_c
292783
_d
292782